Residential mobile homes in Scotland (Record no. 109971)
[ view plain ]
| 000 -LEADER | |
|---|---|
| fixed length control field | 01965cad a22002655a 4500 |
| 001 - CONTROL NUMBER | |
| control field | E148244 |
| 008 - FIXED-LENGTH DATA ELEMENTS--GENERAL INFORMATION | |
| fixed length control field | 090821s2007 xxk f s000 0 eng d |
| 020 ## - INTERNATIONAL STANDARD BOOK NUMBER | |
| International Standard Book Number | 978075596865 |
| 022 1# - INTERNATIONAL STANDARD SERIAL NUMBER | |
| International Standard Serial Number | 0950-2254 |
| 035 ## - SYSTEM CONTROL NUMBER | |
| System control number | (Sirsi) u148244 |
| 041 0# - LANGUAGE CODE | |
| Language code of text/sound track or separate title | eng |
| 050 04 - LIBRARY OF CONGRESS CALL NUMBER | |
| Classification number | 346.41043 $2 18 |
| 100 2# - MAIN ENTRY--PERSONAL NAME | |
| Personal name | Bevan, Mark |
| 245 04 - TITLE STATEMENT | |
| Title | Residential mobile homes in Scotland |
| Medium | [electronic resource] |
| 260 ## - PUBLICATION, DISTRIBUTION, ETC. | |
| Place of publication, distribution, etc. | Edinburgh |
| Name of publisher, distributor, etc. | Scottish Government Social Research |
| Date of publication, distribution, etc. | 2007 |
| 505 2# - FORMATTED CONTENTS NOTE | |
| Formatted contents note | Introduction: context; aims and objectives; methods; report structure -- The number of residential mobile homes in Scotland: introduction; the number of residential mobile homes in Scotland; the characteristics of households living in residential mobile homes in Scotland; identifying individual mobile homes; winter lets; conclusions -- Living in a mobile home: introduction; characteristics of the respondents; reasons for living in mobile homes; alternative accommodation; condition of the dwellings; future aspirations; conclusions -- Living on licensed park home sites: introduction; site layout and maintenance; relations with the park owner; written agreements under the 1983 Mobile Homes Act; pitch fees; views on the legislation; conclusions -- Conclusions |
| 520 ## - SUMMARY, ETC. | |
| Summary, etc. | Looks at the use of mobile homes as dwellings in Scotland and discusses policies which could be applied to the sector. Examines two main groups of mobile home users: residents who live in park homes on licensed sites, and who are covered by legislation; and those who live in individual caravans and mobile homes on unlicensed sites, or sites exempt from licensing. |
| 521 ## - TARGET AUDIENCE NOTE | |
| Target audience note | Advanced |
| 590 ## - LOCAL NOTE (RLIN) | |
| Local note | KA |
| 651 #4 - SUBJECT ADDED ENTRY--GEOGRAPHIC NAME | |
| Geographic name | Scotland |
| Chronological subdivision | 1999- |
| 690 ## - LOCAL SUBJECT ADDED ENTRY--TOPICAL TERM (OCLC, RLIN) | |
| Topical term or geographic name as entry element | PROPERTY-RESIDENTIAL PROPERTY-DOMESTIC RESIDENTIAL PROPERTY-HOUSING |
| 690 ## - LOCAL SUBJECT ADDED ENTRY--TOPICAL TERM (OCLC, RLIN) | |
| Topical term or geographic name as entry element | Planning and development |
| 9 (RLIN) | 6259 |
| 856 40 - ELECTRONIC LOCATION AND ACCESS | |
| Uniform Resource Identifier | <a href="https://www.scotland.gov.uk/Publications/2007/11/27135104/0">https://www.scotland.gov.uk/Publications/2007/11/27135104/0</a> |
| Public note | View the report free of charge at www.scotland.gov.uk... |
| 942 ## - ADDED ENTRY ELEMENTS (KOHA) | |
| Suppress in OPAC | 0 |
| Withdrawn status | Lost status | Source of classification or shelving scheme | Damaged status | Not for loan | Home library | Current library | Shelving location | Date acquired | Total Checkouts | Full call number | Barcode | Date last seen | Copy number | Price effective from | Koha item type |
|---|---|---|---|---|---|---|---|---|---|---|---|---|---|---|---|
| Dewey Decimal Classification | Virtual | Virtual | Online | 21/08/2009 | ONLINE PUBLICATION | 148244-2001 | 06/08/2019 | 1 | 06/08/2019 | Book |